banner-ar

من الاعمال المختارة الاب لانستى جوليا (هديه من الآديب عبدالفتاح الجمل) / (Record no. 40577)

MARC details
000 -الفاتح
حقل البيانات ثابتة الطول 00760nam a2200217Ia 4500
008 - عناصر البيانات ثابتة الطول - معلومات عامة
حقل البيانات ثابتة الطول 140319s9999 xx 000 0 ara d
040 ## - مصدر الفهرسة
وكالة الفهرسة الأصلية GCL /
وكالة النسخ GCL
082 04 - رقم تصنيف ديوى العشرى
رقم التصنيف 839.7
رقم المادة س م
100 1# - المدخل الرئيسى - إسم شخصى
الإسم الشخصى سترندبرج، اوجست
245 10 - بيان العنوان
العنوان من الاعمال المختارة الاب لانستى جوليا (هديه من الآديب عبدالفتاح الجمل) /
بيان المسئوليه,etc سترندبرج، اوجست
700 1# - المدخل الاضافى - اسم شخصى
الإسم الشخصى محمد توفيق مصطفى
300 ## - الوصف المادى
التعداد 240
490 ## - بيان السلسلة
عنوان السلسلة من المسرح العالمى
رقم المجلد/ التعيين التسلسلي 0
650 04 - المدخل الاضافى بالموضوع-مصطلح موضوعى
مصطلح موضوعي الادب
650 04 - المدخل الاضافى بالموضوع-مصطلح موضوعى
مصطلح موضوعي الائتمان
650 04 - المدخل الاضافى بالموضوع-مصطلح موضوعى
مصطلح موضوعي الادب السويدى
650 04 - المدخل الاضافى بالموضوع-مصطلح موضوعى
مصطلح موضوعي المسرحيات السويدية
650 04 - المدخل الاضافى بالموضوع-مصطلح موضوعى
مصطلح موضوعي الادب السويدى المترجم
942 ## - عناصر المدخل الإضافي( كوها)
مصدر التصنيف او مخطط الترفيف Dewey Decimal Classification
Koha [default] item type كتاب
Holdings
حالة التراجع حالة الفقد حالة تلف ليس للاعارة المكان المؤقت الموقع الحالى تاريخ الاكتساب اجمالي اﻻعارات رقم الطلب الباركود تاريخ اخر مشاهدة تاريخ تفعيل السعر نوع وعاء كوها
        مكتبة القاهرة الكبرى مكتبة القاهرة الكبرى 03/26/2014   839.7\س م 98191 03/26/2014 03/26/2014 كتاب

Powered By

EGPV